Datum a čas kvízu
34
Celkem bodů
Celkový počet nahraných bodů na tomto kvízu bez doplňovacích otázek.
3.
Pořadí na kvízu
Konečné umístění týmu na tomto kvízu.
Zaznamenané odpovědi
| # | Otázka | Odpověď | Body | Výsledky |
|---|---|---|---|---|
| 1. | Z baziliky v Jablonném v Podje... | C | 1 | |
| 2. | Parlament kterého tichomořskéh... | A | 1 | |
| 3. | Poprvé ve své historii ovládlo... | Dara | 0 | |
| 4. | Ministr spravedlnosti Jeroným... | B) 3 lety | 0 | |
| 5. | Na okruhu ležícím poblíž jedno... | Most | 1 | |
| 6. | Vítězné téma facebookového hla... | 36 týmů | 0 | |
| 7. | Ve kterých třech jazycích je s... | angličtina, francouzština, němčina | 0 | |
| 8. | Pokud budeme počítat i předchů... | C | 0 | |
| 9. | K památnému finále došlo v roc... | Vladimír Šmicer, Milan Baroš | 0.5 | |
| 10. | Historicky nejlepšími střelci... | Karim Benzema | 0 |